000 00601nam a22002057a 4500
005 20250421090420.0
008 250407b |||||||| |||| 00| 0 eng d
020 _a978-81-316-1269-9
_cRs.3999.00[Set]
040 _aLoreto College
041 _aEnglish
082 _a301.01
_bARO
100 _aAron, Raymond
245 _aMain currents sociological thought Vol.2
_cRaymond Aron
260 _a Jaipur
_bRawat Publications
_c2022
300 _a346p.
_b22cm.
504 _aIncludes bibliographies and index
650 _aSociological thought
850 _aLCLIB
_bPCCHANDRA
942 _cBK
999 _c44019
_d94498